书目信息 |
| 题名: |
离散数学
|
|
| 作者: | 王新心 , 王翠荣 主编 | |
| 分册: | ||
| 出版信息: | 沈阳 东北大学出版社 2011 |
|
| 页数: | 191页 | |
| 开本: | 26cm | |
| 丛书名: | ||
| 单 册: | ||
| 中图分类: | O158 | |
| 科图分类: | ||
| 主题词: | 离散数学 | |
| 电子资源: | ||
| ISBN: | 978-7-5517-0035-1 | |
| 000 | 00906nam0 2200277 450 | |
| 001 | 2335261399 | |
| 005 | 20231221094804.48 | |
| 010 | @a978-7-5517-0035-1@d29.00CNY | |
| 090 | @aO158@bwxx | |
| 096 | @aO158@bwxx | |
| 100 | @a20120207d2011 em y0chiy0120 ea | |
| 101 | 0 | @achi |
| 102 | @aCN@b210000 | |
| 105 | @ay z 000yy | |
| 200 | 1 | @a离散数学@b专著@f王新心,王翠荣主编@Ali san shu xue |
| 210 | @a沈阳@c东北大学出版社@d2011 | |
| 215 | @a191页@d26cm | |
| 312 | @a封面英文题名:Discrete mathematics | |
| 330 | @a本书分集合论、代数系统、图论、数理逻辑、应用五部分,介绍了集合、代数系统的一般概念和性质、图的一般概念与性质、命题逻辑等内容。 | |
| 510 | 1 | @aDiscrete mathematics@zeng |
| 606 | 0 | @a离散数学 |
| 690 | @aO158@v5 | |
| 701 | 0 | @a王新心@c(数学)@4主编@Awang xin xin |
| 701 | 0 | @a王翠荣@c(女,@f1963~)@4主编@Awang cui rong |
| 801 | 2 | @aCN@b辽宁北配@c20231205 |
| 905 | @aBZT@dO158@e5 | |
| 离散数学/王新心,王翠荣主编.-沈阳:东北大学出版社,2011 |
| 191页;26cm |
| ISBN 978-7-5517-0035-1:29.00CNY |
| 本书分集合论、代数系统、图论、数理逻辑、应用五部分,介绍了集合、代数系统的一般概念和性质、图的一般概念与性质、命题逻辑等内容。 |
| ● |
| 相关链接 |
|
|
|
正题名:离散数学
索取号:O158/5
 
预约/预借
| 序号 | 登录号 | 条形码 | 馆藏地/架位号 | 状态 | 备注 |
| 1 | 2001689530 | 2001689530 | 516书库/ [索取号:O158/5] | 在馆 | |
| 2 | 2001689531 | 2001689531 | 516书库/ [索取号:O158/5] | 在馆 | |
| 3 | 2001689532 | 2001689532 | 516书库/ [索取号:O158/5] | 在馆 | |
| 4 | 2001689533 | 2001689533 | 516书库/ [索取号:O158/5] | 在馆 | |
| 5 | 2001689534 | 2001689534 | 516书库/ [索取号:O158/5] | 在馆 | |
| 6 | 2001689535 | 2001689535 | 516书库/ [索取号:O158/5] | 在馆 | |
| 7 | 2001689536 | 2001689536 | 516书库/ [索取号:O158/5] | 在馆 | |
| 8 | 2001689537 | 2001689537 | 516书库/ [索取号:O158/5] | 在馆 | |
| 9 | 2001689538 | 2001689538 | 516书库/ [索取号:O158/5] | 在馆 | |
| 10 | 2001689539 | 2001689539 | 516书库/ [索取号:O158/5] | 在馆 | |
| 11 | 2001689540 | 2001689540 | 516书库/ [索取号:O158/5] | 在馆 | |
| 12 | 2001689541 | 2001689541 | 516书库/ [索取号:O158/5] | 在馆 | |
| 13 | 2001689542 | 2001689542 | 516书库/ [索取号:O158/5] | 在馆 | |
| 14 | 2001689543 | 2001689543 | 516书库/ [索取号:O158/5] | 在馆 | |
| 15 | 2001689544 | 2001689544 | 516书库/ [索取号:O158/5] | 在馆 | |
| 16 | 2001689545 | 2001689545 | 516书库/ [索取号:O158/5] | 在馆 | |
| 17 | 2001689546 | 2001689546 | 516书库/ [索取号:O158/5] | 在馆 | |
| 18 | 2001689547 | 2001689547 | 516书库/ [索取号:O158/5] | 在馆 | |
| 19 | 2001689548 | 2001689548 | 516书库/ [索取号:O158/5] | 在馆 | |
| 20 | 2001689549 | 2001689549 | 516书库/ [索取号:O158/5] | 在馆 | |
| 21 | 2001689550 | 2001689550 | 516书库/ [索取号:O158/5] | 在馆 | |
| 22 | 2001689551 | 2001689551 | 516书库/ [索取号:O158/5] | 在馆 | |
| 23 | 2001689552 | 2001689552 | 516书库/ [索取号:O158/5] | 在馆 | |
| 24 | 2001689553 | 2001689553 | 516书库/ [索取号:O158/5] | 在馆 | |
| 25 | 2001689554 | 2001689554 | 516书库/ [索取号:O158/5] | 在馆 | |
| 26 | 2001689555 | 2001689555 | 516书库/ [索取号:O158/5] | 在馆 | |
| 27 | 2001689556 | 2001689556 | 516书库/ [索取号:O158/5] | 在馆 | |
| 28 | 2001689557 | 2001689557 | 516书库/ [索取号:O158/5] | 在馆 | |
| 29 | 2001689558 | 2001689558 | 516书库/ [索取号:O158/5] | 在馆 | |
| 30 | 2001689559 | 2001689559 | 516书库/ [索取号:O158/5] | 在馆 |